Multiple Choice City Quiz – Barcelona - Statistics

General Stats
  • This quiz has been taken 20,150 times
    20,117 since last reset
  • The average score is 7 of 10
Answer Stats
Question Answer % Correct
The two most-spoken languages in Barcelona are Spanish and ... Catalan
95%
When did Barcelona host the Summer Olympics? 1992
88%
Under construction since 1882, what Barcelona landmark is the world's largest unfinished Catholic church? Sagrada Família
87%
Who is the all-time leading goalscorer in FC Barcelona history? Lionel Messi
79%
What artist has a dedicated museum in Barcelona which features 4,251 of his works? Pablo Picasso
69%
What Barcelona boulevard is known for its street performers and bustling atmosphere? La Rambla
65%
Which of these monuments can you NOT see in Barcelona?
52%
What is the name of Barcelona's historic center? Gothic Quarter
48%
Which of these areas can be found along the beach? Barceloneta
41%
Park Güell has a famous statue of what animal? Salamander
35%
No matching quizzes found
Score Distribution
Percent of People with Each Score
Percentile by Number Answered
Your Score History
You have not taken this quiz since the last reset